[Event "69th RUS-ch Women Higher League 2019"]
[Site "Yaroslavl"]
[Date "2019.07.04"]
[Round "7.12"]
[White "Tokmakova, Ulyana"]
[Black "Bivol, Alina"]
[Result "0-1"]
[WhiteElo "1878"]
[BlackElo "2391"]
[Annotator "NA"]
[PlyCount "128"]
[EventDate "2019.06.27"]
[EventType "swiss"]
[EventCountry "RUS"]
[SourceTitle "playchess.com"]
[Source "ChessBase"]
[SourceQuality "1"]
[TimeControl "40/5400+30:1800+30"]

1. c4 {[%emt 0:00:00]} e5 {[%emt 0:00:11]} 2. Nc3 {[%emt 0:00:00]} Nf6 {[%emt 0:00:25]} 3. Nf3 {[%emt 0:00:00]} Nc6 {[%emt 0:00:13]} 4. g3 {[%emt 0:00:00]} d5 {[%emt 0:00:26]} 5. cxd5 {[%emt 0:00:07]} Nxd5 {[%emt 0:00:03]} 6. Bg2 {[%emt 0:00:06]} Nb6 {[%emt 0:00:06]} 7. O-O {[%emt 0:00:09]} Be7 {[%emt 0:00:19]} 8. d3 {[%emt 0:00:06]} O-O {[%emt 0:01:17]} 9. a3 {[%emt 0:00:08]} Be6 {[%emt 0:03:01]} 10. b4 {[%emt 0:00:08]} Nd4 {[%emt 0:03:56]} 11. Nd2 {[%emt 0:02:19]} Nd5 {[%emt 0:11:08]} 12. Bb2 {[%emt 0:04:58]} Nxc3 {[%emt 0:02:16]} 13. Bxc3 {[%emt 0:00:12]} Bd5 {[%emt 0:01:14]} 14. Nc4 {[%emt 0:06:25]} Bxg2 {[%emt 0:03:21]} 15. Kxg2 {[%emt 0:00:09]} Bf6 {[%emt 0:00:06]} 16. Kg1 {[%emt 0:04:13]} Re8 {[%emt 0:00:14]} 17. Nd2 {[%emt 0:06:50]} g6 {[%emt 0:01:44]} 18. Rc1 {[%emt 0:04:42]} Bg7 {[%emt 0:01:55]} 19. Nb3 {[%emt 0:04:35]} c6 {[%emt 0:03:08]} 20. Bb2 {[%emt 0:05:25]} h5 {[%emt 0:03:49]} 21. e3 {[%emt 0:06:12]} Nf5 {[%emt 0:00:11]} 22. e4 {[%emt 0:04:06]} Nd6 {[%emt 0:03:42]} 23. f4 {[%emt 0:09:21]} h4 {[%emt 0:05:11]} 24. Qf3 {[%emt 0:02:51]} hxg3 {[%emt 0:03:29]} 25. hxg3 {[%emt 0:01:09]} exf4 {[%emt 0:02:39]} 26. Bxg7 {[%emt 0:00:29]} Kxg7 {[%emt 0:00:04]} 27. gxf4 {[%emt 0:02:11]} Rh8 {[%emt 0:01:32]} 28. Qg3 {[%emt 0:04:52]} Qh4 {[%emt 0:00:46]} 29. Kg2 {[%emt 0:01:12]} Rad8 {[%emt 0:01:56]} 30. Qxh4 {[%emt 0:06:00]} Rxh4 {[%emt 0:00:01]} 31. a4 {[%emt 0:00:50]} Rdh8 32. Nc5 {[%emt 0:05:31]} Rh2+ {[%emt 0:06:25]} 33. Kg1 {[%emt 0:05:10]} Rb2 {[%emt 0:06:56]} 34. Rb1 Rbh2 35. Rbc1 {[%emt 0:03:24]} Ne8 {[%emt 0:02:48]} 36. e5 {[%emt 0:01:14]} Nc7 {[%emt 0:00:10]} 37. Nxb7 {[%emt 0:01:39]} Nd5 {[%emt 0:00:38]} 38. Rce1 {[%emt 0:00:43]} Nc3 {[%emt 0:04:38]} 39. Na5 {[%emt 0:00:36]} Ne2+ {[%emt 0:09:14]} 40. Rxe2 {[%emt 0:00:00]} Rxe2 {[%emt 0:00:00]} 41. Nxc6 {[%emt 0:01:53]} Rhh2 {[%emt 0:00:17]} 42. Rc1 {[%emt 0:00:54]} Rhg2+ 43. Kh1 {[%emt 0:00:22]} Rh2+ {[%emt 0:02:56]} 44. Kg1 {[%emt 0:00:03]} Reg2+ {[%emt 0:00:06]} 45. Kf1 {[%emt 0:00:08]} Ra2 {[%emt 0:00:46]} 46. Kg1 {[%emt 0:00:08]} Rhg2+ {[%emt 0:00:17]} 47. Kh1 {[%emt 0:00:04]} Rg4 48. Nxa7 Rxa4 {[%emt 0:01:20]} 49. Nc6 {[%emt 0:01:57]} Ra3 {[%emt 0:01:12]} 50. Rd1 Rb3 {[%emt 0:00:48]} 51. Kh2 {[%emt 0:02:59]} Kh6 52. d4 {[%emt 0:01:14]} Kh5 {[%emt 0:00:44]} 53. Rd2 {[%emt 0:01:27]} Kh4 {[%emt 0:02:34]} 54. Rg2 {[%emt 0:00:10]} Rxf4 {[%emt 0:00:34]} 55. d5 {[%emt 0:00:44]} Rc4 {[%emt 0:02:17]} 56. Rf2 {[%emt 0:04:59]} Rd3 {[%emt 0:04:05]} 57. Ne7 {[%emt 0:04:13]} Rh3+ {[%emt 0:05:19]} 58. Kg2 {[%emt 0:00:19]} Rxb4 {[%emt 0:09:09]} 59. Rxf7 {[%emt 0:02:05]} Rg3+ {[%emt 0:03:04]} 60. Kh2 {[%emt 0:02:17]} Rb2+ {[%emt 0:00:34]} 61. Kh1 {[%emt 0:00:08]} Rh3+ {[%emt 0:01:07]} 62. Kg1 {[%emt 0:00:06]} Kg3 {[%emt 0:00:06]} 63. Nxg6 {[%emt 0:02:55]} Rg2+ {[%emt 0:00:24]} 64. Kf1 {[%emt 0:00:05]} Rh1# {[%emt 0:00:04]} 0-1

[Event "69th RUS-ch Women Higher League 2019"]
[Site "Yaroslavl"]
[Date "2019.07.04"]
[Round "7.13"]
[White "Gritsayeva, Oksana"]
[Black "Chernyak, Viktoria"]
[Result "1-0"]
[WhiteElo "2381"]
[BlackElo "2253"]
[Annotator "NA"]
[PlyCount "83"]
[EventDate "2019.06.27"]
[EventType "swiss"]
[EventCountry "RUS"]
[SourceTitle "playchess.com"]
[Source "ChessBase"]
[SourceQuality "1"]
[TimeControl "40/5400+30:1800+30"]

1. e4 {[%emt 0:00:00]} c6 {[%emt 0:00:00]} 2. Nc3 {[%emt 0:00:00]} d5 {[%emt 0:00:05]} 3. Qf3 {[%emt 0:00:05]} e6 {[%emt 0:03:50]} 4. d4 {[%emt 0:01:53]} Qb6 {[%emt 0:06:17]} 5. Bd3 {[%emt 0:12:41]} Qxd4 {[%emt 0:04:55]} 6. Nge2 {[%emt 0:00:25]} Qb6 {[%emt 0:01:04]} 7. O-O {[%emt 0:04:05]} Nf6 {[%emt 0:03:16]} 8. Qg3 {[%emt 0:07:40]} Na6 {[%emt 0:06:36]} 9. Be3 {[%emt 0:08:14]} Qc7 {[%emt 0:02:06]} 10. Bf4 {[%emt 0:06:59]} Qb6 {[%emt 0:05:53]} 11. exd5 {[%emt 0:07:49]} cxd5 {[%emt 0:05:16]} 12. Be3 {[%emt 0:04:25]} Qd6 {[%emt 0:03:31]} 13. Bf4 {[%emt 0:02:55]} Qb6 {[%emt 0:15:27]} 14. Be5 {[%emt 0:00:42]} Bd7 {[%emt 0:01:24]} 15. a3 {[%emt 0:02:53]} h5 {[%emt 0:03:43]} 16. Rfe1 {[%emt 0:04:24]} O-O-O {[%emt 0:06:13]} 17. h3 {[%emt 0:02:30]} h4 {[%emt 0:05:12]} 18. Qf3 {[%emt 0:00:28]} Rh6 {[%emt 0:02:52]} 19. b4 {[%emt 0:01:51]} Nc7 {[%emt 0:02:52]} 20. Bd4 {[%emt 0:00:50]} Qc6 {[%emt 0:00:56]} 21. b5 {[%emt 0:06:09]} Qd6 {[%emt 0:00:05]} 22. Qe3 {[%emt 0:00:09]} b6 {[%emt 0:00:45]} 23. a4 {[%emt 0:00:14]} Rh5 {[%emt 0:00:26]} 24. f4 {[%emt 0:00:53]} Kb7 {[%emt 0:03:10]} 25. a5 {[%emt 0:00:17]} Be8 {[%emt 0:02:10]} 26. Nc1 {[%emt 0:06:26]} Nd7 {[%emt 0:00:27]} 27. Nb3 {[%emt 0:00:37]} f6 {[%emt 0:01:48]} 28. Be2 {[%emt 0:04:33]} e5 {[%emt 0:01:23]} 29. Bxh5 {[%emt 0:01:12]} exd4 {[%emt 0:00:26]} 30. Nxd4 {[%emt 0:04:57]} Bxh5 {[%emt 0:00:07]} 31. axb6 {[%emt 0:00:16]} axb6 {[%emt 0:01:07]} 32. Nc6 {[%emt 0:00:53]} Re8 {[%emt 0:00:12]} 33. Qd2 {[%emt 0:02:48]} Qc5+ {[%emt 0:01:57]} 34. Kh1 {[%emt 0:00:27]} Bd6 {[%emt 0:01:09]} 35. Rxe8 {[%emt 0:01:11]} Bxe8 {[%emt 0:00:10]} 36. Qe1 {[%emt 0:01:00]} Bg6 {[%emt 0:02:27]} 37. Ra7+ {[%emt 0:01:34]} Kc8 {[%emt 0:00:03]} 38. Qa1 {[%emt 0:00:21]} Bxf4 {[%emt 0:05:03]} 39. Na4 {[%emt 0:03:07]} Qe3 {[%emt 0:01:10]} 40. Nc3 {[%emt 0:00:00]} Qc5 {[%emt 0:00:00]} 41. Nxd5 {[%emt 0:04:00]} Bd6 {[%emt 0:16:42]} 42. Rxc7+ {[%emt 0:01:05]} 1-0

[Event "69th RUS-ch Women Higher League 2019"]
[Site "Yaroslavl"]
[Date "2019.07.04"]
[Round "7.14"]
[White "Voit, Daria"]
[Black "Mukhina, Jana"]
[Result "1-0"]
[WhiteElo "2339"]
[BlackElo "2090"]
[Annotator "NA"]
[PlyCount "126"]
[EventDate "2019.06.27"]
[EventType "swiss"]
[EventCountry "RUS"]
[SourceTitle "playchess.com"]
[Source "ChessBase"]
[SourceQuality "1"]
[TimeControl "40/5400+30:1800+30"]

1. d4 {[%emt 0:00:00]} Nf6 {[%emt 0:00:00]} 2. c4 {[%emt 0:00:00]} g6 {[%emt 0:00:00]} 3. Nc3 {[%emt 0:00:00]} Bg7 {[%emt 0:00:00]} 4. e4 {[%emt 0:00:02]} d6 {[%emt 0:00:03]} 5. Be2 {[%emt 0:00:05]} O-O {[%emt 0:00:25]} 6. Be3 {[%emt 0:00:05]} Na6 {[%emt 0:00:30]} 7. Nf3 {[%emt 0:00:07]} e5 {[%emt 0:13:41]} 8. O-O {[%emt 0:00:51]} Nh5 {[%emt 0:05:29]} 9. Qd2 {[%emt 0:10:40]} c6 {[%emt 0:29:10]} 10. Rfd1 {[%emt 0:05:15]} Qe7 {[%emt 0:02:00]} 11. a3 {[%emt 0:03:11]} Bg4 {[%emt 0:07:39]} 12. h3 {[%emt 0:06:50]} Bc8 {[%emt 0:04:41]} 13. b4 {[%emt 0:04:21]} Nc7 {[%emt 0:07:51]} 14. dxe5 {[%emt 0:06:33]} dxe5 {[%emt 0:01:30]} 15. Bc5 {[%emt 0:00:28]} Qf6 {[%emt 0:01:54]} 16. Bxf8 {[%emt 0:02:04]} Bxf8 {[%emt 0:00:05]} 17. Qg5 {[%emt 0:26:36]} Qxg5 {[%emt 0:01:26]} 18. Nxg5 {[%emt 0:00:03]} Nf4 {[%emt 0:00:18]} 19. Bg4 {[%emt 0:05:17]} f5 {[%emt 0:01:40]} 20. Be2 {[%emt 0:06:08]} Be7 {[%emt 0:03:17]} 21. Nf3 {[%emt 0:00:08]} a5 {[%emt 0:05:49]} 22. c5 {[%emt 0:00:57]} Be6 {[%emt 0:01:48]} 23. Bf1 {[%emt 0:02:01]} fxe4 {[%emt 0:04:35]} 24. Nxe4 {[%emt 0:00:24]} Bd5 {[%emt 0:01:03]} 25. Nc3 {[%emt 0:02:18]} Bxf3 {[%emt 0:02:44]} 26. gxf3 {[%emt 0:00:17]} Ncd5 {[%emt 0:00:30]} 27. Nxd5 {[%emt 0:02:06]} Nxd5 {[%emt 0:00:52]} 28. Bc4 {[%emt 0:00:27]} Kg7 {[%emt 0:00:10]} 29. Bxd5 {[%emt 0:07:50]} cxd5 {[%emt 0:00:01]} 30. Rac1 {[%emt 0:01:54]} axb4 {[%emt 0:00:27]} 31. axb4 {[%emt 0:00:04]} Bg5 {[%emt 0:02:57]} 32. Rc2 {[%emt 0:00:27]} d4 {[%emt 0:01:32]} 33. b5 {[%emt 0:00:05]} Rd8 {[%emt 0:01:52]} 34. c6 {[%emt 0:00:39]} bxc6 {[%emt 0:00:03]} 35. Rxc6 {[%emt 0:00:14]} d3 {[%emt 0:00:34]} 36. Kf1 {[%emt 0:00:35]} d2 {[%emt 0:00:35]} 37. b6 {[%emt 0:00:09]} Rd5 {[%emt 0:00:27]} 38. Ke2 {[%emt 0:00:10]} Rb5 {[%emt 0:00:33]} 39. Ra1 {[%emt 0:00:30]} Kh6 {[%emt 0:00:17]} 40. Rd6 {[%emt 0:00:00]} Rb2 {[%emt 0:00:00]} 41. Rd7 {[%emt 0:23:35]} Rxb6 {[%emt 0:02:32]} 42. Raa7 {[%emt 0:01:30]} Kh5 {[%emt 0:01:06]} 43. Rxh7+ {[%emt 0:00:06]} Bh6 {[%emt 0:00:04]} 44. Ra5 {[%emt 0:05:30]} Kg5 {[%emt 0:07:00]} 45. h4+ {[%emt 0:00:19]} Kf6 {[%emt 0:00:20]} 46. Raa7 {[%emt 0:05:17]} Bf4 {[%emt 0:04:19]} 47. Rae7 {[%emt 0:00:37]} g5 {[%emt 0:01:37]} 48. h5 {[%emt 0:03:51]} g4 {[%emt 0:00:51]} 49. Rhf7+ {[%emt 0:02:09]} Kg5 {[%emt 0:00:03]} 50. Rg7+ {[%emt 0:01:26]} Kxh5 {[%emt 0:03:40]} 51. fxg4+ {[%emt 0:00:26]} Kh4 {[%emt 0:07:55]} 52. Rd7 {[%emt 0:00:13]} Rb1 {[%emt 0:01:21]} 53. Rxd2 {[%emt 0:00:22]} Bxd2 {[%emt 0:00:17]} 54. Kxd2 {[%emt 0:00:03]} Rb4 {[%emt 0:01:25]} 55. Ke3 {[%emt 0:00:53]} Rf4 {[%emt 0:01:17]} 56. Rg8 {[%emt 0:00:14]} Ra4 {[%emt 0:03:19]} 57. f3 {[%emt 0:00:42]} Rf4 {[%emt 0:01:13]} 58. g5 {[%emt 0:00:05]} Kh5 {[%emt 0:01:03]} 59. Re8 {[%emt 0:00:12]} Kxg5 {[%emt 0:00:41]} 60. Rxe5+ {[%emt 0:00:05]} Rf5 {[%emt 0:00:05]} 61. Ke4 {[%emt 0:00:11]} Rxe5+ {[%emt 0:00:46]} 62. Kxe5 {[%emt 0:00:03]} Kg6 {[%emt 0:00:05]} 63. f4 {[%emt 0:00:11]} Kg7 {[%emt 0:00:04]} 1-0

[Event "69th RUS-ch Women Higher League 2019"]
[Site "Yaroslavl"]
[Date "2019.07.04"]
[Round "7.15"]
[White "Dimitrova, Aleksandra"]
[Black "Diakonova, Ekaterina"]
[Result "1-0"]
[WhiteElo "2273"]
[BlackElo "2196"]
[Annotator "NA"]
[PlyCount "133"]
[EventDate "2019.06.27"]
[EventType "swiss"]
[EventCountry "RUS"]
[SourceTitle "playchess.com"]
[Source "ChessBase"]
[SourceQuality "1"]
[TimeControl "40/5400+30:1800+30"]

1. e4 {[%emt 0:00:00]} c6 {[%emt 0:00:00]} 2. d4 {[%emt 0:00:00]} d5 {[%emt 0:00:00]} 3. e5 {[%emt 0:00:00]} Bf5 {[%emt 0:00:00]} 4. h4 {[%emt 0:00:00]} h5 {[%emt 0:00:00]} 5. Bd3 {[%emt 0:00:00]} Bxd3 {[%emt 0:00:00]} 6. Qxd3 {[%emt 0:00:00]} Qa5+ {[%emt 0:00:00]} 7. Nc3 {[%emt 0:00:03]} e6 {[%emt 0:02:14]} 8. Bg5 {[%emt 0:00:08]} Ne7 {[%emt 0:05:03]} 9. O-O-O {[%emt 0:04:46]} Nd7 {[%emt 0:02:41]} 10. Kb1 {[%emt 0:03:24]} a6 {[%emt 0:04:49]} 11. Nge2 {[%emt 0:02:52]} c5 {[%emt 0:01:40]} 12. dxc5 {[%emt 0:05:15]} Nxe5 {[%emt 0:07:14]} 13. Qg3 {[%emt 0:02:56]} N5c6 {[%emt 0:02:56]} 14. Qf3 {[%emt 0:19:42]} Qxc5 {[%emt 0:18:52]} 15. Rhe1 {[%emt 0:03:07]} Ne5 {[%emt 0:00:50]} 16. Qg3 {[%emt 0:01:54]} Ng4 {[%emt 0:01:29]} 17. Nd4 {[%emt 0:03:17]} O-O-O {[%emt 0:01:28]} 18. Qf3 {[%emt 0:06:08]} e5 {[%emt 0:04:01]} 19. Qxf7 {[%emt 0:13:57]} exd4 {[%emt 0:04:29]} 20. Na4 {[%emt 0:00:10]} Qc6 {[%emt 0:06:12]} 21. Bxe7 {[%emt 0:01:19]} Bxe7 {[%emt 0:00:07]} 22. Rxe7 {[%emt 0:00:17]} Rhf8 {[%emt 0:01:44]} 23. Qxg7 {[%emt 0:02:10]} Rxf2 {[%emt 0:03:34]} 24. Qxd4 {[%emt 0:05:13]} Qxc2+ {[%emt 0:09:38]} 25. Ka1 {[%emt 0:00:04]} Kb8 {[%emt 0:00:20]} 26. a3 {[%emt 0:02:54]} Ka8 {[%emt 0:11:11]} 27. Nc5 {[%emt 0:05:08]} Rc8 {[%emt 0:00:47]} 28. Nxa6 {[%emt 0:08:12]} Qc4 {[%emt 0:06:28]} 29. Nc7+ {[%emt 0:03:37]} Kb8 {[%emt 0:00:58]} 30. Qxc4 {[%emt 0:00:34]} dxc4 {[%emt 0:00:02]} 31. Nb5 {[%emt 0:01:05]} Rf5 {[%emt 0:03:32]} 32. a4 {[%emt 0:01:45]} Nf6 {[%emt 0:00:21]} 33. Rf7 {[%emt 0:03:07]} Rf2 {[%emt 0:00:19]} 34. Rd6 {[%emt 0:02:01]} c3 {[%emt 0:01:17]} 35. Nxc3 {[%emt 0:01:02]} Ne4 {[%emt 0:00:06]} 36. Rxf2 {[%emt 0:00:11]} Nxf2 {[%emt 0:00:04]} 37. Rd5 {[%emt 0:01:10]} Rc4 {[%emt 0:01:03]} 38. Rxh5 {[%emt 0:00:28]} Rg4 {[%emt 0:00:05]} 39. Rg5 {[%emt 0:00:38]} Rxh4 {[%emt 0:00:03]} 40. Kb1 {[%emt 0:00:00]} Nd3 {[%emt 0:00:00]} 41. Kc2 {[%emt 0:03:38]} Nf4 {[%emt 0:04:51]} 42. Nb5 {[%emt 0:06:42]} b6 {[%emt 0:04:53]} 43. g3 {[%emt 0:00:04]} Rh2+ {[%emt 0:00:07]} 44. Kc3 {[%emt 0:00:06]} Ne2+ {[%emt 0:00:50]} 45. Kc4 {[%emt 0:00:34]} Nc1 {[%emt 0:01:42]} 46. Kc3 {[%emt 0:05:04]} Ne2+ {[%emt 0:00:45]} 47. Kc4 {[%emt 0:00:03]} Nc1 {[%emt 0:00:26]} 48. Kd5 {[%emt 0:01:20]} Rc2 {[%emt 0:01:06]} 49. Rg8+ {[%emt 0:00:26]} Kb7 {[%emt 0:00:07]} 50. Nd6+ {[%emt 0:01:08]} Ka7 {[%emt 0:00:17]} 51. Rg7+ {[%emt 0:00:42]} Ka6 {[%emt 0:01:29]} 52. Nc4 {[%emt 0:02:44]} Ne2 {[%emt 0:00:46]} 53. Rg6 {[%emt 0:01:45]} Ka7 {[%emt 0:00:10]} 54. Rxb6 {[%emt 0:04:28]} Nxg3 {[%emt 0:02:18]} 55. Rf6 {[%emt 0:00:32]} Ne2 {[%emt 0:01:18]} 56. Kc5 {[%emt 0:01:00]} Nc1 {[%emt 0:00:57]} 57. Rf7+ {[%emt 0:00:46]} Ka6 {[%emt 0:00:38]} 58. Rf6+ {[%emt 0:00:29]} Ka7 {[%emt 0:00:05]} 59. Rf3 {[%emt 0:00:06]} Na2 {[%emt 0:01:08]} 60. Rf7+ {[%emt 0:01:51]} Kb8 {[%emt 0:01:32]} 61. a5 {[%emt 0:00:31]} Rh2 {[%emt 0:01:45]} 62. a6 {[%emt 0:03:03]} Rh5+ {[%emt 0:00:13]} 63. Kb6 {[%emt 0:00:38]} Rh6+ {[%emt 0:00:33]} 64. Ka5 {[%emt 0:00:44]} Rh5+ {[%emt 0:00:07]} 65. Ka4 {[%emt 0:00:08]} Rh6 {[%emt 0:00:04]} 66. Rb7+ {[%emt 0:01:37]} Kc8 {[%emt 0:00:12]} 67. Nb6+ {[%emt 0:00:22]} 1-0

[Event "69th RUS-ch Women Higher League 2019"]
[Site "Yaroslavl"]
[Date "2019.07.04"]
[Round "7.16"]
[White "Chkhan, Viktoria"]
[Black "Belenkaya, Dina"]
[Result "1-0"]
[WhiteElo "2141"]
[BlackElo "2321"]
[Annotator "TA"]
[PlyCount "109"]
[EventDate "2019.06.27"]
[EventType "swiss"]
[EventCountry "RUS"]
[SourceTitle "playchess.com"]
[Source "ChessBase"]
[SourceQuality "1"]

{[%evp 18,109,8,30,8,10,78,63,70,60,62,55,55,0,45,55,51,46,131,37,32,27,143,0,0,-98,-79,-167,-172,-157,-160,-186,-168,-154,-91,-187,-127,-179,-179,-163,-97,-158,-92,-86,-97,-106,-59,-83,-81,-72,-35,-42,-34,-27,-6,-6,581,577,875,867,838,812,6087,6016,29978,29980,29980,29981,29981,29982,29979,29979,29979,29980,29979,29980,29980,29981,29981,29982,29982,29983,29983,29984,29984,29984,29984,29985,29986,29987,29993,29994,29995,29996]} 1. d4 d5 2. c4 dxc4 3. e3 Nf6 4. Bxc4 e6 5. Nf3 a6 6. O-O c5 7. Bb3 b5 8. a4 b4 9. Nbd2 Bb7 10. e4 cxd4 {D27: Queen's Gambit Accepted: Classical main line: 7 e4!? and 7 a4} 11. e5 Ne4 (11... Nfd7 $11 {keeps the balance.}) 12. Nxe4 $16 Bxe4 {White is slightly better.} 13. Bg5 $146 ({Predecessor:} 13. Nxd4 Nc6 14. Nxc6 Bxc6 15. Be3 Be7 16. Rc1 {1-0 (33) Friedel,J (2561)-Vera Gonzalez Quevedo,R (2427) Merida 2017}) 13... Be7 $1 {[%cal Re7g5]} 14. Bxe7 Qxe7 15. Nd2 (15. Nxd4 $14 Nc6 16. Qg4 Nxd4 17. Qxe4 {[%mdl 64] Double Attack}) 15... Bc6 16. Nc4 O-O 17. Qxd4 Rd8 (17... Qg5 $14 18. Ne3 Rd8) 18. Qe3 ({Better is} 18. Nd6 $1 $16) 18... Nd7 $14 19. Rac1 {Strongly threatening Na5.} a5 (19... Bd5 $11) 20. Rfd1 (20. Nd6 $1 $16 Nxe5 21. Nxf7) 20... Bd5 $11 21. f4 (21. Rd4 $11 {remains equal.}) 21... Nc5 $1 $36 {[%mdl 2048] White is under strong pressure.} 22. Nd2 (22. Rd4 $17) 22... Bxb3 $19 23. Nxb3 {And now Rxd8+ would win.} Nxa4 24. Qf2 h6 25. h3 Qe8 (25... Rxd1+ $142 26. Rxd1 Qa7 27. Rd8+ Kh7 28. Rxa8 Qxa8) 26. Nc5 (26. Rd6 $17) 26... Qb5 ({Black should play} 26... Nxc5 $19 27. Qxc5 b3) 27. Ne4 (27. Rxd8+ $17 Rxd8 28. Ne4) 27... Rxd1+ $1 28. Rxd1 {[#]} b3 (28... Nxb2 $1 $19 {[%mdl 512]} 29. Qxb2 a4) 29. Nd6 $17 {[#]} Qc5 (29... Qc6 $142 $1 30. Kh2 Qc5) 30. Qxc5 Nxc5 {[%mdl 4096] Endgame KRN-KRN} 31. Kf2 f6 32. Ke3 fxe5 33. fxe5 a4 34. Nc4 Kf7 35. Kd4 Nd7 36. Kc3 Ke7 $2 {[%mdl 8192] [#]} (36... Ra7 $11) 37. Rxd7+ $1 $18 {[%mdl 576] Remove Defender, Decoy} Kxd7 {KR-KN} 38. Nb6+ {[%mdl 64] Double Attack} Kc6 39. Nxa8 {KN-KP} Kb7 40. Kb4 Kxa8 41. Kxa4 {KP-KP. White mates.} Kb7 42. Kxb3 Kc6 43. Kc4 Kb6 44. g4 Kc6 45. h4 g6 46. h5 gxh5 47. gxh5 {K3P-KPP} Kb6 48. b4 {[%cal Bb2b4,Bb4b5,Bb5b6,Bb6b7][%mdl 32]} Kc6 49. b5+ Kb6 50. Kb4 Kb7 51. Kc5 Kc7 52. b6+ Kd7 53. Kb5 Kc8 54. Kc6 Kb8 55. b7 {Accuracy: White = 61%, Black = 31%.} 1-0

[Event "69th RUS-ch Women Higher League 2019"]
[Site "Yaroslavl"]
[Date "2019.07.04"]
[Round "7.17"]
[White "Nosacheva, Mariya"]
[Black "Yakushina, Ekaterina"]
[Result "1-0"]
[WhiteElo "2150"]
[BlackElo "1783"]
[Annotator "NA"]
[PlyCount "53"]
[EventDate "2019.06.27"]
[EventType "swiss"]
[EventCountry "RUS"]
[SourceTitle "playchess.com"]
[Source "ChessBase"]
[SourceQuality "1"]
[TimeControl "40/5400+30:1800+30"]

1. e4 {[%emt 0:00:00]} e6 {[%emt 0:02:16]} 2. d4 {[%emt 0:00:00]} d5 {[%emt 0:00:07]} 3. Nc3 {[%emt 0:00:00]} Bb4 {[%emt 0:00:08]} 4. exd5 {[%emt 0:00:00]} exd5 {[%emt 0:01:33]} 5. Bd3 {[%emt 0:01:16]} Nc6 {[%emt 0:02:19]} 6. a3 {[%emt 0:00:08]} Ba5 {[%emt 0:00:26]} 7. Be3 {[%emt 0:01:07]} Nf6 {[%emt 0:10:18]} 8. h3 {[%emt 0:02:17]} O-O {[%emt 0:08:00]} 9. Nge2 {[%emt 0:04:18]} Ne7 {[%emt 0:15:47]} 10. Ng3 {[%emt 0:01:20]} c6 {[%emt 0:04:35]} 11. O-O {[%emt 0:02:50]} Bc7 {[%emt 0:01:21]} 12. Bg5 {[%emt 0:01:29]} Ng6 {[%emt 0:01:28]} 13. Qf3 {[%emt 0:01:38]} Qd6 {[%emt 0:06:55]} 14. Bxf6 {[%emt 0:04:45]} gxf6 {[%emt 0:00:57]} 15. Nce2 {[%emt 0:01:52]} b6 {[%emt 0:02:35]} 16. Rfe1 {[%emt 0:01:20]} Bb7 {[%emt 0:11:54]} 17. Nh5 {[%emt 0:06:50]} Qh2+ {[%emt 0:13:11]} 18. Kf1 {[%emt 0:00:08]} Qh1+ {[%emt 0:00:11]} 19. Ng1 {[%emt 0:00:07]} Bh2 {[%emt 0:00:20]} 20. Ke2 {[%emt 0:12:22]} Rfe8+ {[%emt 0:01:52]} 21. Kd2 {[%emt 0:00:50]} Rxe1 {[%emt 0:00:36]} 22. Rxe1 {[%emt 0:00:10]} Nh4 {[%emt 0:00:07]} 23. Qg4+ {[%emt 0:01:40]} Ng6 {[%emt 0:00:13]} 24. Ne2 {[%emt 0:00:18]} Bf4+ {[%emt 0:01:06]} 25. Nexf4 {[%emt 0:00:28]} Qh2 {[%emt 0:00:05]} 26. Nxg6 {[%emt 0:01:04]} hxg6 {[%emt 0:00:12]} 27. Bxg6 {[%emt 0:00:10]} 1-0

[Event "69th RUS-ch Women Higher League 2019"]
[Site "Yaroslavl"]
[Date "2019.07.04"]
[Round "7.18"]
[White "Maltsevskaya, Aleksandra"]
[Black "Khokhlova, Daria"]
[Result "0-1"]
[WhiteElo "2316"]
[BlackElo "2234"]
[Annotator "NA"]
[PlyCount "92"]
[EventDate "2019.06.27"]
[EventType "swiss"]
[EventCountry "RUS"]
[SourceTitle "playchess.com"]
[Source "ChessBase"]
[SourceQuality "1"]
[TimeControl "40/5400+30:1800+30"]

1. e4 {[%emt 0:00:00]} c5 {[%emt 0:00:00]} 2. d4 {[%emt 0:00:56]} cxd4 {[%emt 0:00:17]} 3. c3 {[%emt 0:00:04]} d3 {[%emt 0:04:19]} 4. Nf3 g6 {[%emt 0:01:09]} 5. Bxd3 {[%emt 0:01:04]} Bg7 {[%emt 0:00:30]} 6. O-O {[%emt 0:00:08]} Nc6 {[%emt 0:00:33]} 7. c4 {[%emt 0:02:09]} d6 {[%emt 0:00:52]} 8. h3 {[%emt 0:00:06]} Nf6 {[%emt 0:00:28]} 9. Nc3 {[%emt 0:00:06]} O-O {[%emt 0:00:03]} 10. Be3 {[%emt 0:00:18]} Nd7 {[%emt 0:03:21]} 11. Rc1 {[%emt 0:02:09]} Nc5 {[%emt 0:02:07]} 12. Bb1 {[%emt 0:01:10]} Be6 {[%emt 0:03:15]} 13. b3 {[%emt 0:01:26]} a5 {[%emt 0:03:46]} 14. Nd5 {[%emt 0:07:19]} a4 {[%emt 0:09:45]} 15. b4 {[%emt 0:08:21]} Bxd5 {[%emt 0:02:28]} 16. cxd5 {[%emt 0:07:07]} Nxb4 {[%emt 0:00:05]} 17. Bxc5 {[%emt 0:00:05]} dxc5 {[%emt 0:00:03]} 18. Rxc5 {[%emt 0:00:06]} Qd7 {[%emt 0:08:50]} 19. Qe2 {[%emt 0:03:40]} Na6 {[%emt 0:07:59]} 20. Rb5 {[%emt 0:02:56]} Rfc8 {[%emt 0:02:30]} 21. Rd1 {[%emt 0:11:35]} a3 {[%emt 0:04:58]} 22. e5 {[%emt 0:04:45]} Nc5 {[%emt 0:06:40]} 23. Bc2 {[%emt 0:19:14]} Na4 {[%emt 0:04:50]} 24. Bxa4 {[%emt 0:00:20]} Rxa4 {[%emt 0:00:01]} 25. e6 {[%emt 0:08:34]} fxe6 {[%emt 0:02:45]} 26. dxe6 {[%emt 0:00:22]} Qc6 {[%emt 0:01:43]} 27. Rbd5 {[%emt 0:00:20]} Bf6 {[%emt 0:04:20]} 28. Qe3 {[%emt 0:05:02]} Kg7 {[%emt 0:02:37]} 29. h4 {[%emt 0:07:46]} Qc3 {[%emt 0:03:25]} 30. Qb6 {[%emt 0:01:57]} Qb2 {[%emt 0:01:56]} 31. Qe3 {[%emt 0:05:49]} Rc3 {[%emt 0:06:19]} 32. Qe1 {[%emt 0:00:05]} Qxa2 {[%emt 0:02:26]} 33. h5 {[%emt 0:00:17]} Rxf3 {[%emt 0:05:18]} 34. gxf3 {[%emt 0:00:06]} Qc4 {[%emt 0:01:03]} 35. Qe3 {[%emt 0:00:40]} Qf4 {[%emt 0:01:03]} 36. Qxf4 {[%emt 0:01:10]} Rxf4 {[%emt 0:00:01]} 37. Ra5 {[%emt 0:00:38]} Rxf3 {[%emt 0:00:44]} 38. Kg2 {[%emt 0:00:28]} Rb3 {[%emt 0:00:21]} 39. Rh1 {[%emt 0:00:34]} gxh5 {[%emt 0:03:06]} 40. Rhxh5 {[%emt 0:00:00]} b5 {[%emt 0:00:00]} 41. Ra8 {[%emt 0:01:42]} b4 {[%emt 0:04:33]} 42. Rb5 {[%emt 0:00:08]} Rb2 {[%emt 0:04:59]} 43. Kf3 {[%emt 0:00:05]} a2 {[%emt 0:02:52]} 44. Rbb8 {[%emt 0:03:40]} Rb3+ {[%emt 0:01:07]} 45. Kg4 {[%emt 0:00:07]} Ra3 {[%emt 0:00:39]} 46. Kh5 {[%emt 0:03:29]} Rxa8 {[%emt 0:00:10]} 0-1